Trade-Offs in Analog Circuit Design : The Designer's Companion /

Obra de referencia sobre intercambios entre circuitos para el diseño de circuitos análogos: se revisa qué son estas transacciones, en qué circunstancias se dan, para qué son necesarios, cómo se administran, y las maneras en que se pueden resolver sus demandas particulares. El texto cubre los siguien...

Descripción completa

Guardado en:
Detalles Bibliográficos
Autor principal: Toumazou, Chris (ed.)
Otros autores: Moschytz, George S. (edición) (edición), Gilbert, Barrie (edición) (edición)
Formato: Libro
Idioma:Inglés
Publicado: Boston, EUA : Kluwer, 2002, c2002
Temas:
Etiquetas: Agrega una etiqueta
Sin etiquetas, Sé el primero en etiquetar este registro!

MARC

LEADER 00000nam^a2200000^a^4500
001 000152773
005 20250521000000.0
009 20260310100255.536
020 |a 1-4020-7037-3 
037 |a Acervo ITESO - Biblioteca 
041 |a ING 
082 |a 621. 3815  |b TOU 
100 |a Toumazou, Chris  |e (ed.) 
245 1 0 |a Trade-Offs in Analog Circuit Design :  |b The Designer's Companion /  |c Ed. de C. Toumazou, G. Moschytz, B. Gilbert. 
264 4 |a Boston, EUA :  |b Kluwer,  |c 2002, c2002 
300 |a XXXV, 1048 p. 
336 |a texto  |b txt  |2 rdacontenido 
337 |a sin mediación  |b n  |2 rdamedio 
338 |a volumen  |b nc  |2 rdasoporte 
520 |a Obra de referencia sobre intercambios entre circuitos para el diseño de circuitos análogos: se revisa qué son estas transacciones, en qué circunstancias se dan, para qué son necesarios, cómo se administran, y las maneras en que se pueden resolver sus demandas particulares. El texto cubre los siguientes grandes temas del diseño analógico: metodología del diseño; tecnología; desempeño general; filtros; circuitos interruptores; osciladores; convertidores de datos; transmisores-receptores; proceso neural y diseño analógico asistido por computadora. 
649 |a XX 
650 |a Transformadores 
650 |a Filtros Eléctricos 
650 |a Osciladores Eléctricos 
650 |a Amplificadores (Electrónica) 
650 |a Circuitos Analógicos -  |x Diseño y Construcción 
650 |a Circuitos Electrónicos -  |x Diseño y Construcción 
650 |a Semiconductores 
650 |a Líneas de Transmisión 
650 |a Diseño Asistido por Computadora 
650 |a Diseño Industrial 
650 |a Ingeniería Económica 
650 |a Ingeniería Electrónica 
700 |a Moschytz, George S.  |e (edición) 
700 |a Gilbert, Barrie  |e (edición) 
910 |a Fondo General 
920 |a Impresos - Libros 
930 |a Colección General 
905 |a 101 
901 |a 0500081674  |b IT1  |c ACC  |u 20250521 
902 |a https://opac.biblio.iteso.mx/vufind/Record/000152773